| 000 | 01229cam a22003497a 4500 | ||
|---|---|---|---|
| 005 | 20220817043102.0 | ||
| 008 | 971010s1988 r 00010 d | ||
| 010 | _a65099 | ||
| 011 | _a66071 | ||
| 035 | _a73926 | ||
| 082 |
_a634 _bH37 |
||
| 100 | 0 | 0 |
_aHardenburg, Robert E. _952634 |
| 245 | 0 | _aAlmacenamiento comercial de frutas, legumbres y existencia de floristerias y viveros | |
| 260 |
_aSan José, C. R. : _bIICA, _c1988 |
||
| 300 | _a150 p. | ||
| 490 | 0 |
_aInvestigación y desarrollo _v; 16 |
|
| 590 |
_aBATCH-UPD _b10 _c20130110 _lUCH01 _h0543 |
||
| 590 |
_aBATCH-UPD _b10 _c20130110 _lUCH01 _h2335 |
||
| 590 |
_aBATCH-UPD _b10 _c20130410 _lUCH01 _h0224 |
||
| 590 |
_aBATCH-UPD _b10 _c20130914 _lUCH01 _h1419 |
||
| 590 |
_aCONVERSION _b10 _c20130109 _lUCH01 _h1335 |
||
| 650 | 1 | 4 |
_aFlores _xEmpaque. _941374 |
| 650 | 1 | 4 |
_aFruta _xAlmacenamiento. _943592 |
| 650 | 1 | 4 |
_aLegumbres _xAlmacenamiento. _965682 |
| 650 | 1 | 4 |
_aViveros. _9120096 |
| 700 | 0 |
_aWatada, Alley E. _9121147 |
|
| 700 | 0 |
_aXi Wang, Chien. _9122896 |
|
| 710 | 0 | _aInstituto Interamericano de Cooperación para la Agricultura. | |
| 830 | 0 |
_aInvestigación y desarrollo _v; 16 _960255 |
|
| 901 | _aBK | ||
| 949 |
_a634 H37 _bF _cLIBRO _d-6764 _eLIBRO _h2839 _i73926 _si |
||
| 999 |
_c65099 _d65099 |
||